<?xml version="1.0" encoding="UTF-8"?>
<record
    xmlns:xsi="http://www.w3.org/2001/XMLSchema-instance"
    xsi:schemaLocation="http://www.loc.gov/MARC21/slim http://www.loc.gov/standards/marcxml/schema/MARC21slim.xsd"
    xmlns="http://www.loc.gov/MARC21/slim">

  <leader>01331    a2200289   4500</leader>
  <datafield tag="999" ind1=" " ind2=" ">
    <subfield code="c">24036</subfield>
    <subfield code="d">24036</subfield>
  </datafield>
  <controlfield tag="003">Nust</controlfield>
  <controlfield tag="005">20190926103346.0</controlfield>
  <controlfield tag="008">170622b        xxu||||| |||| 00| 0 eng d</controlfield>
  <datafield tag="010" ind1=" " ind2=" ">
    <subfield code="a">  2002191160</subfield>
  </datafield>
  <datafield tag="020" ind1=" " ind2=" ">
    <subfield code="a">1584883103 (alk. paper)</subfield>
  </datafield>
  <datafield tag="038" ind1=" " ind2=" ">
    <subfield code="a">Nusrat Nadeem</subfield>
  </datafield>
  <datafield tag="040" ind1=" " ind2=" ">
    <subfield code="c">RCMS</subfield>
    <subfield code="a">DLC</subfield>
    <subfield code="b">DLC</subfield>
  </datafield>
  <datafield tag="082" ind1="0" ind2="0">
    <subfield code="a">003.54 TOG</subfield>
  </datafield>
  <datafield tag="100" ind1="1" ind2=" ">
    <subfield code="a">Roberto. Togneri</subfield>
    <subfield code="9">3104</subfield>
  </datafield>
  <datafield tag="245" ind1="1" ind2="0">
    <subfield code="a">Fundamentals of information theory and coding design /</subfield>
    <subfield code="c">Roberto Togneri, Christopher J.S. deSilva.</subfield>
  </datafield>
  <datafield tag="260" ind1=" " ind2=" ">
    <subfield code="a">Boca Raton :</subfield>
    <subfield code="b">Chapman &amp; Hall/CRC,</subfield>
    <subfield code="c">c2002.</subfield>
  </datafield>
  <datafield tag="300" ind1=" " ind2=" ">
    <subfield code="a">xii, 385 p. :</subfield>
    <subfield code="b">ill. ;</subfield>
    <subfield code="c">24 cm.</subfield>
  </datafield>
  <datafield tag="440" ind1=" " ind2="0">
    <subfield code="a">Discrete mathematics and its applications</subfield>
    <subfield code="9">3105</subfield>
  </datafield>
  <datafield tag="505" ind1=" " ind2=" ">
    <subfield code="a">Entropy and Information Page 1, Information Channels Page 51, Source Coding Page 105, Data Compression Page 171, Fundamentals of Channel Coding Page 199,. Error-Correcting Codes Page 235,Cyclic Codes Page 281,Burst-Correcting Codes Page 319.</subfield>
  </datafield>
  <datafield tag="538" ind1=" " ind2=" ">
    <subfield code="a"> </subfield>
    <subfield code="i">Supercomputing Lab</subfield>
  </datafield>
  <datafield tag="650" ind1=" " ind2="0">
    <subfield code="a">Coding theory.</subfield>
    <subfield code="9">3106</subfield>
  </datafield>
  <datafield tag="650" ind1=" " ind2="0">
    <subfield code="a">Information theory.</subfield>
    <subfield code="9">3107</subfield>
  </datafield>
  <datafield tag="651" ind1=" " ind2=" ">
    <subfield code="a">Entropy and Information Page 1</subfield>
    <subfield code="x">Information Channels Page 51</subfield>
    <subfield code="x">Source Coding Page 105</subfield>
    <subfield code="9">3108</subfield>
  </datafield>
  <datafield tag="700" ind1="1" ind2=" ">
    <subfield code="a">DeSilva, Christopher J. S.</subfield>
    <subfield code="9">3109</subfield>
  </datafield>
  <datafield tag="856" ind1="4" ind2="2">
    <subfield code="3"> Table of Contents Only.</subfield>
    <subfield code="u">http://www.loc.gov/catdir/enhancements/fy0646/2002191160-d.html</subfield>
  </datafield>
  <datafield tag="942" ind1=" " ind2=" ">
    <subfield code="c">BK</subfield>
    <subfield code="2">ddc</subfield>
    <subfield code="h">003.54 TOG</subfield>
  </datafield>
  <datafield tag="952" ind1=" " ind2=" ">
    <subfield code="0">0</subfield>
    <subfield code="1">0</subfield>
    <subfield code="2">ddc</subfield>
    <subfield code="4">0</subfield>
    <subfield code="7">0</subfield>
    <subfield code="a">NQC</subfield>
    <subfield code="b">NQC</subfield>
    <subfield code="c">GEN</subfield>
    <subfield code="d">2014-05-02</subfield>
    <subfield code="o">003.54TOG</subfield>
    <subfield code="p">RCMS000487</subfield>
    <subfield code="r">2014-05-02</subfield>
    <subfield code="w">2014-05-02</subfield>
    <subfield code="y">BK</subfield>
  </datafield>
</record>
